Score 0/20 Timer 03:00
0 Plays Today
Celebrity Dead by 40? % Correct
River Phoenix???
86.2%
Michael Jackson???
84.2%
Buddy Holly???
82.7%
Janis Joplin???
82.5%
Brandon Lee???
77%
Marilyn Monroe???
75.8%
Chris Farley???
75.1%
Elvis Presley???
74.1%
Anna Nicole Smith???
70.3%
John Candy???
70.2%
Celebrity Dead by 40? % Correct
Andre the Giant???
68.1%
Steve Irwin???
67.4%
Judy Garland???
66%
John Lennon???
64.8%
Gary Coleman???
64.6%
Princess Diana???
64.3%
Gilda Radner???
61.5%
Bruce Lee???
59.9%
Freddie Mercury???
55.1%
George Gershwin???
34.9%
Remove Ads.
Support Sporcle.
Get the best of Sporcle when you Go Orange. This ad-free experience offers more features, more stats, and more fun while also helping to support Sporcle. Thank you for becoming a member.

You're not logged in!

Compare scores with friends on all Sporcle quizzes.
OR
Log In

Show Comments

Extras

Top Quizzes Today


Score Distribution

Your Account Isn't Verified!

In order to create a playlist on Sporcle, you need to verify the email address you used during registration. Go to your Sporcle Settings to finish the process.

Report this User

Report this user for behavior that violates our Community Guidelines.

Details: